Statistics for Manchester United - Players to have scored - 2003/04 - 2014/15

Click here to take the quiz!

General Stats

  • This quiz has been taken 2,377 times
  • The average score is 46 of 69

Answer Stats

PositionNationalityAnswer% Correct
FWPortugalCristiano Ronaldo
96%
DFSerbiaNemanja Vidic
95%
DFEnglandRio Ferdinand
94%
FWEnglandWayne Rooney
94%
MDWalesRyan Giggs
94%
MDEnglandPaul Scholes
92%
FWMexicoJavier Hernandez
91%
MDSouth KoreaJi-Sung Park
90%
MDEcuadorAntonio Valencia
89%
FWBulgariaDimitar Berbatov
89%
FWNetherlandsRobin Van Persie
88%
FWPortugalNani
88%
DFFrancePatrice Evra
88%
MDIrelandRoy Keane
87%
MDSpainJuan Mata
84%
DFIrelandJohn O'Shea
84%
DFEnglandGary Neville
84%
DFEnglandPhil Neville
84%
MDEnglandMichael Carrick
83%
MDBrazilAnderson
82%
MDJapanShinji Kagawa
82%
DFBrazilRafael
82%
MDBelgiumMarouane Fellaini
82%
MDScotlandDarren Fletcher
82%
FWUruguayDiego Forlan
81%
FWArgentinaCarlos Tevez
81%
FWColombiaRadamel Falcao
80%
DFEnglandPhil Jones
80%
FWNetherlandsRuud Van Nistelrooy
79%
DFNorthern IrelandJonny Evans
79%
DFEnglandChris Smalling
76%
DFBrazilFabio
76%
FWNorwayOle Gunnar Solskjaer
74%
MDArgentinaAngel Di Maria
73%
FWEnglandDanny Welbeck
71%
DFArgentinaMarcos Rojo
70%
MDNetherlandsDaley Blind
70%
DFArgentinaGabriel Heinze
69%
DFEnglandWes Brown
69%
MDSpainAnder Herrera
69%
FWItalyFederico Macheda
68%
FWSwedenHenrik Larsson
67%
MDEnglandNicky Butt
67%
FWFranceLouis Saha
66%
DFFranceMikaël Silvestre
63%
MDEnglandAshley Young
62%
DFSpainGerard Piqué
60%
FWPortugalBebé
58%
MDCameroonEric Djemba-Djemba
57%
FWEnglandMichael Owen
57%
MDBelgiumAdnan Januzaj
51%
FWSenegalMame Diouf
50%
MDSouth AfricaQuinton Fortune
50%
MDEnglandOwen Hargreaves
49%
FWItalyGiuseppe Rossi
48%
MDIrelandDarron Gibson
48%
MDBrazilKleberson
46%
MDEnglandTom Cleverley
45%
MDEnglandAlan Smith
45%
FWEnglandJames Wilson
44%
DFNetherlandsAlexander Büttner
41%
MDFranceGabriel Obertan
33%
FWFranceDavid Bellion
31%
FWEnglandNick Powell
27%
DFEnglandKieran Richardson
23%
MDIrelandLiam Miller
23%
MDEnglandChris Eagles
20%
MDEnglandKieran Lee
10%
FWEnglandSylvan Ebanks-Blake
6%

Score Distribution

Percentile by Number Answered

Percent of People with Each Score

Your Score History

You have not taken this quiz